Online
Catalog

Memoria seminario Internacional "Migración, remesas y desarrollo " / (Record no. 54897)

MARC details
000 -CABECERA
campo de control de longitud fija 03382nam a2200445 i 4500
003 - IDENTIFICADOR DEL NÚMERO DE CONTROL
campo de control DO-SdBNP
005 - FECHA Y HORA DE LA ÚLTIMA TRANSACCIÓN
campo de control 20250710095425.0
007 - CAMPO FIJO DE DESCRIPCIÓN FÍSICA--INFORMACIÓN GENERAL
campo de control de longitud fija ta
008 - DATOS DE LONGITUD FIJA--INFORMACIÓN GENERAL
campo de control de longitud fija 201126b2022 dr cdo|| |||| 00| 0 spa d
020 ## - NÚMERO INTERNACIONAL ESTÁNDAR DEL LIBRO
Número Internacional Estándar del Libro 9789945634082
020 ## - NÚMERO INTERNACIONAL ESTÁNDAR DEL LIBRO
Número Internacional Estándar del Libro 9789945634099
040 ## - FUENTE DE LA CATALOGACIÓN
Centro catalogador/agencia de origen DO-SdBNP
Lengua de catalogación spa
Centro/agencia transcriptor BNPHU
Normas de descripción rda
041 ## - CÓDIGO DE LENGUA
Código de lengua del texto/banda sonora o título independiente spa
082 #4 - NÚMERO DE LA CLASIFICACIÓN DECIMAL DEWEY
Número de clasificación xxx
Número de documento/Ítem M533
Número de edición 22
111 ## - ENTRADA PRINCIPAL--NOMBRE DE CONGRESO/REUNIÓN
Nombre de congreso/reunión o jurisdicción como elemento de entrada Seminario Internacional "Migración, remesas y desarrollo"
Sede del congreso/Lugar de la reunión (Santo Domingo, República Dominicana
Fecha del congreso/reunión del 27 al 29 de octubre de 2021: )
9 (RLIN) 77442
245 10 - MENCIÓN DE TÍTULO
Título Memoria seminario Internacional "Migración, remesas y desarrollo " /
Mención de responsabilidad, etc. presentación, Reyna Bartolomé ; ponentes, Wilfredo Lozano, Odile Camilo Vincent, Dilip Ratha, Felipe Muñoz, Jeremy T. Harris y otros.
264 #1 - PRODUCCIÓN, PUBLICACIÓN, DISTRIBUCIÓN, FABRICACIÓN Y COPYRIGHT
Producción, publicación, distribución, fabricación y copyright Santo Domingo, República Dominicana :
Nombre del de productor, editor, distribuidor, fabricante Instituto Nacional de Migración,
Fecha de producción, publicación, distribución, fabricación o copyright 2022
300 ## - DESCRIPCIÓN FÍSICA
Extensión 145 páginas :
Otras características físicas ilustraciones, gráficos, retratos, fotografías ;
Dimensiones 27 cm.
336 ## - TIPO DE CONTENIDO
Término de tipo de contenido texto
Código de tipo de contenido txt
Fuente rdacontent
337 ## - TIPO DE MEDIO
Nombre/término del tipo de medio sin mediación
Código del tipo de medio n
Fuente rdamedia
338 ## - TIPO DE SOPORTE
Nombre/término del tipo de soporte volumen
Código del tipo de soporte nc
Fuente rdacarrier
500 ## - NOTA GENERAL
Nota general Incluye datos biográficos de los ponentes desde la página 133.
505 2# - NOTA DE CONTENIDO CON FORMATO
Título Presentación --
-- Palabras de bienvenida, Wilfredo Lozano --
-- Palabras de bienvenida, Odile Camilo --
-- Conferencia magistral, Dilip Ratha --
Información miscelánea Sesión 1 --
Título La dimensión de las remesas. Contexto regional --
Información miscelánea Sesión 2--
Título Remesas e inclusión financiera --
Información miscelánea Sesión 3 --
Título Remesas y migración. Análisis de casos del caribe --
-- Palabras de Miguel Ceara Hatton, Ministro de economía, Planificación y Desarrollo --
-- Perfiles de los ponentes /
590 ## - NOTA LOCAL (RLIN)
Nota local Inventariado, 2023/ YL<br/><br/>
700 1# - PUNTO DE ACCESO ADICIONAL--NOMBRE DE PERSONA
Nombre de persona Lozano, Wilfredo
Término indicativo de función/relación ponente
-- director ejecutivo del Instituto Nacional de Migración
9 (RLIN) 81507
700 1# - PUNTO DE ACCESO ADICIONAL--NOMBRE DE PERSONA
Nombre de persona Camilo Vincent, Odile
Término indicativo de función/relación ponente
-- rectora de la Universidad Iberoamericana
9 (RLIN) 84245
700 1# - PUNTO DE ACCESO ADICIONAL--NOMBRE DE PERSONA
Nombre de persona Ratha, Dilip
Término indicativo de función/relación ponente
-- director de la Global Knowledge Partnership on Migration and Development (KNOMAD)
9 (RLIN) 84246
700 1# - PUNTO DE ACCESO ADICIONAL--NOMBRE DE PERSONA
Nombre de persona Muñoz, Felipe
Término indicativo de función/relación ponente
-- jefe de la unidad de migraciones del Banco Interamericano de Desarrollo
9 (RLIN) 84247
700 1# - PUNTO DE ACCESO ADICIONAL--NOMBRE DE PERSONA
Nombre de persona Harris, Jeremy T.
Término indicativo de función/relación ponente
-- especialista de la unidad de migración del Banco Interamericano de Desarrollo
9 (RLIN) 84248
700 1# - PUNTO DE ACCESO ADICIONAL--NOMBRE DE PERSONA
Nombre de persona Plaza, Sonia
Término indicativo de función/relación ponente
-- copresidenta del grupo de trabajo temático sobre la diáspora de la Global Knowledge Partnership on Migration and Development (KNOMAD)
9 (RLIN) 84249
700 1# - PUNTO DE ACCESO ADICIONAL--NOMBRE DE PERSONA
Nombre de persona Vivanco, Fermín
Término indicativo de función/relación ponente
-- especialista líder del laboratorio del Banco Interamericano de Desarrrollo
9 (RLIN) 84250
700 1# - PUNTO DE ACCESO ADICIONAL--NOMBRE DE PERSONA
Nombre de persona Maldonado Gonzáles, René Alberto
Término indicativo de función/relación ponente
-- coordinador del programa de remesas e inclusión financiera del Centro de estudios Monetarios Latinoamericanos (CEMLA)
9 (RLIN) 84251
700 1# - PUNTO DE ACCESO ADICIONAL--NOMBRE DE PERSONA
Nombre de persona Gilbert, Randolph
Término indicativo de función/relación ponente
-- funcionario de la Comisión Económica para América Latina y el Caribe (CEPAL)
9 (RLIN) 84252
700 1# - PUNTO DE ACCESO ADICIONAL--NOMBRE DE PERSONA
Nombre de persona Fuente, Alejandro de la
Término indicativo de función/relación ponente
-- economista sénior en práctica global de pobreza y equidad del Banco Mundial
9 (RLIN) 84253
700 1# - PUNTO DE ACCESO ADICIONAL--NOMBRE DE PERSONA
Nombre de persona Gutiérrez, Letty
Término indicativo de función/relación ponente
-- consultora económica del Banco Central de República Dominicana
9 (RLIN) 83147
700 1# - PUNTO DE ACCESO ADICIONAL--NOMBRE DE PERSONA
Nombre de persona Ceara-Hatton, Miguel
Término indicativo de función/relación ponente
-- ministro de economía, planificación y desarrollo (MEPyD)
9 (RLIN) 1685
700 1# - PUNTO DE ACCESO ADICIONAL--NOMBRE DE PERSONA
Nombre de persona Madera Sued, Luis
Término indicativo de función/relación ponente
-- director general de desarrollo económico y social del Ministerio de Economía, Planificación y Desarrollo
9 (RLIN) 80170
910 ## - DATOS DE OPCIÓN DEL USUARIO (OCLC)
Datos de opción del usuario YLockward
942 ## - ELEMENTOS DE PUNTO DE ACCESO ADICIONAL (KOHA)
Fuente del sistema de clasificación o colocación Dewey Decimal Classification
Tipo de ítem Koha Libro
Holdings
Estado de retiro Estado de pérdida Fuente del sistema de clasificación o colocación Restricciones de uso No para préstamo Código de colección Localización permanente Ubicación/localización actual Ubicación en estantería Fecha de adquisición Fuente de adquisición Total de préstamos Signatura topográfica completa Código de barras Fecha visto por última vez Precio válido a partir de Tipo de ítem Koha Número de copia
    Dewey Decimal Classification Excluido de préstamo   Patrimonio Dominicano Biblioteca Nacional Pedro Henríquez Ureña Biblioteca Nacional Pedro Henríquez Ureña En catalogación 11.11.2022 Instituto Nacional de Migración   BNPHU PD M533 2023-6319 22.09.2023 22.09.2023 Libro  
    Dewey Decimal Classification Excluido de préstamo   Patrimonio Dominicano Biblioteca Nacional Pedro Henríquez Ureña Biblioteca Nacional Pedro Henríquez Ureña En catalogación 11.11.2022 Instituto Nacional de Migración   BNPHU PD M533 2023-6320 22.09.2023 22.09.2023 Libro e. 2
    Dewey Decimal Classification Préstamo en sala   Dominicana de Servicio Biblioteca Nacional Pedro Henríquez Ureña Biblioteca Nacional Pedro Henríquez Ureña En catalogación 11.11.2022 Instituto Nacional de Migración   BNPHU DS M533 2023-6321 22.09.2023 22.09.2023 Libro e. 3

Powered by Koha